Catholic University of Zimbabwe Library
Online Public Access Catalogue
(OPAC)

Penance and absolution. (Record no. 5367)

MARC details
000 -LEADER
fixed length control field 00794cam a22002531 4500
001 - CONTROL NUMBER
control field 0000005577
005 - DATE AND TIME OF LATEST TRANSACTION
control field 20170406120829.0
008 - FIXED-LENGTH DATA ELEMENTS--GENERAL INFORMATION
fixed length control field 720614s1961 xx 000 0 eng
010 ## - LIBRARY OF CONGRESS CONTROL NUMBER
LC control number 61012987
035 ## - SYSTEM CONTROL NUMBER
-- (DLC) 61012987
035 ## - SYSTEM CONTROL NUMBER
System control number (OCoLC)331592
040 ## - CATALOGING SOURCE
Original cataloging agency DLC
Transcribing agency ONowdM
Modifying agency TxU-Da
-- OCoLC
-- DLC
050 00 - LIBRARY OF CONGRESS CALL NUMBER
Classification number BX2260
Item number .B3
100 1# - MAIN ENTRY--PERSONAL NAME
Personal name Barton, John M. T.
Fuller form of name (John Mackintosh Tilney),
Dates associated with a name 1898-.
245 10 - TITLE STATEMENT
Title Penance and absolution.
250 ## - EDITION STATEMENT
Edition statement [1st ed.]
260 ## - PUBLICATION, DISTRIBUTION, ETC.
Place of publication, distribution, etc. New York :
Name of publisher, distributor, etc. Hawthorn Books,
Date of publication, distribution, etc. [1961]
300 ## - PHYSICAL DESCRIPTION
Extent 159 p. ;
Dimensions 21 cm.
440 #0 - SERIES STATEMENT/ADDED ENTRY--TITLE
Title Twentieth century encyclopedia of Catholicism ;
Volume/sequential designation 51. Section 5: The life of faith
504 ## - BIBLIOGRAPHY, ETC. NOTE
Bibliography, etc. note Includes bibliography.
650 #0 - SUBJECT ADDED ENTRY--TOPICAL TERM
Topical term or geographic name entry element Penance.
908 ## - PUT COMMAND PARAMETER (RLIN)
Put command parameter 150109
Holdings
Withdrawn status Lost status Source of classification or shelving scheme Damaged status Not for loan Home library Current library Shelving location Date acquired Total Checkouts Full call number Barcode Date last seen Price effective from Koha item type
          CUZ Harare Campus CUZ Harare Campus Open Shelf 06.04.2017   BX 841. T85.V51 BK0006616 05.02.2018 06.04.2017 OS Book
          CUZ Harare Campus CUZ Harare Campus Open Shelf 06.04.2017   BX 841. T85.V51 BK0006801 22.05.2025 06.04.2017 OS Book

OPENING HOURS

Weekdays: 0815hrs - 1800hrs
Weekends:0900hrs - 1200hrs

Closed for Mass:

Mon, Thur: 1200hrs - 1300hrs
Sunday & Public Holiday’s

CALL SUPPORT

0242-570570, 0242-570169
09200664, +263 8644140602

LOCATION

18443, Cranborne Avenue, Hatfield, Harare

Other Links


©2021 | CUZ Library